Statistics for F1 Driver to Track

Click here to take the quiz!

General Stats

  • This quiz has been taken 107 times
  • The average score is 11 of 12

Answer Stats

Answer% Correct
Carlos Sainz/Fernando Alonso
95%
Charles Leclerc
94%
Max Verstappen
92%
Yuki Tsunoda
92%
Lance Stroll / Nicholas Latifi
90%
Lewis Hamilton
90%
George Russel
89%
Daniel Ricciardo
87%
Esteban Ocon/Pierre Gasly
87%
Lando Norris
87%
Sergio Perez
84%
Zhou Guanyu
78%

Score Distribution

Percentile by Number Answered

Percent of People with Each Score

Your Score History

You have not taken this quiz